| 000 | 00696nam a22002417a 4500 | ||
|---|---|---|---|
| 005 | 20170124105940.0 | ||
| 010 | _a999900 | ||
| 020 | _c30.00 | ||
| 035 | _a999900 | ||
| 037 | _bCen Lib/Ret | ||
| 040 |
_aDPL _bEN |
||
| 082 |
_a338.9 _bSET |
||
| 100 |
_aSeth, M. L. _910977 |
||
| 245 |
_aTheory and practice of economic planning / _cby M. L. Seth [and] S. Velayudham |
||
| 250 | _a17th rev.enl.ed | ||
| 260 |
_aNew Delhi _bS. Chand _c1980 |
||
| 270 |
_bNew Delhi _aRam Nagar _e110055 |
||
| 300 |
_axv,809p. _c22cm(Hb) |
||
| 650 |
_aIndia -- Economic policy _98390 |
||
| 650 |
_aEconomic policy _93998 |
||
| 700 |
_aVelayudham, S. _910978 |
||
| 942 |
_2ddc _cEN _h338.9 _mSET |
||
| 999 |
_c124505 _d124505 |
||